Mr Nobody's Eyes (Запис № 17976)
[ простий вигляд ]
| 000 -Маркер запису | |
|---|---|
| Контрольне поле сталої довжини | 02421nam a22002417a 4500 |
| 003 - Належність контрольного номера | |
| Контрольне поле | Uzh_bibl |
| 008 - Кодовані дані | |
| Контрольне поле сталої довжини | 260525b |||||||| |||| 00| 0 ukr d |
| 020 ## - Індекс ISBN | |
| ISBN | 978-1-4052-5589-9 |
| Ціна | 100.00 |
| 040 ## - Джерело каталогіз. | |
| Код мови каталог. | укр. |
| 041 ## - Код мови видання | |
| Код мови оригіналу | англійська |
| Код мови тексту | англійська |
| 080 ## - Індекс УДК | |
| Індекс УДК | 821(410) |
| 090 ## - Шифри | |
| Поличний індекс | 821(410) |
| Авторський знак | М 83 |
| 100 ## - Автор | |
| Автор | Morpurgo, Michael |
| 245 ## - Назва | |
| Назва | Mr Nobody's Eyes |
| Фізичний носій | Text |
| 260 ## - Вихідні дані | |
| Місце видання | London |
| Видавництво | Egmont UK Limited |
| Дата видання | 2010 |
| 300 ## - Фізичний опис | |
| Обсяг | 190 s. |
| 520 ## - Анотація | |
| Анотація | A tale of fun and friendship from former Children’s Laureate and author of War Horse, Michael Morpurgo.<br/><br/>Harry heard the key turn in the lock. He had already made up his mind to run.<br/><br/>Harry is in trouble at school, and doesn’t like his stepfather or the new baby. Then he befriends Ocky, a chimpanzee from the circus. Ocky’s owner won’t mind if Harry borrows her for a bit, will he?<br/><br/>But then Harry’s stepfather and the police find out. Harry and the chimp are soon on the run!<br/><br/>A gripping and poignant animal adventure from the master storyteller of An Eagle in the Snow, Listen to the Moon, Shadow, and An Elephant in the Garden. Michael Morpurgo has written more than a hundred books and won the Whitbread Award, the Smarties Award, the Circle of Gold Award, the Children’s Book Award and has been short-listed for the Carnegie Medal four times.Очі містера Нікого» — це захоплива історія про тварин від найулюбленішого британського дитячого автора Майкла Морпурго.<br/><br/><br/>Гаррі почув, як ключ повернувся в замку. Він уже вирішив тікати. Гаррі має проблеми в школі, і йому не подобається вітчим чи новонароджена дитина. Потім він заводить дружбу з Оккі, шимпанзе з цирку. Власник Окі не буде проти, якщо Гаррі позичить її на деякий час, правда? Але потім вітчим Гаррі та поліція дізнаються. Гаррі та шимпанзе незабаром починають тікати! |
| 521 ## - Примітка про цільове призначення | |
| Примітка про цільове призначення | Для підлітків |
| 525 ## - Примітка про додаток | |
| Примітка про додаток | Для старшого шкільного віку |
| 546 ## - Примітка про мову | |
| Примітка про мову | укр. |
| 650 ## - Тематичні рубрики | |
| Основна рубрика | Літературно-художне видання |
| 942 ## - ADDED ENTRY ELEMENTS (KOHA) | |
| Джерело класифікації чи схема поличного розташування | |
| Koha item type | Книги |
| Статус вилучення | Статус втрати/відсутності | Джерело класифікації чи схема поличного розташування | Статус пошкодження | Тип обігу (не для випозичання) | Постійне розташування | Поточне розташування | Дата надходження | Джерело надходження (постачальник) | Інвентарний номер | Total Checkouts | Повний (примірниковий) шифр зберігання | Штрих-код | Date last seen | Дата, для якої чинна ціна заміни | Тип одиниці (рівень примірника) |
|---|---|---|---|---|---|---|---|---|---|---|---|---|---|---|---|
| Бібліотека-філія № 1 для дітей | Бібліотека-філія № 1 для дітей | 23/04/2026 | Подаровані | 80868 | 821(410) | 19439 | 27/05/2026 | 27/05/2026 | Книги |